expressions anglais - français - Statistiques

Statistiques générales
  • Ce quiz a été pris 198 fois
    167 depuis la dernière actualisation
  • Le résultat moyen est 4 sur 18
Statistiques - réponses
Hint Réponse % Correct
The apple of my eye La prunelle de mes yeux
77%
When pigs fly Quand les poules auront des dents
73%
I'ts rainning cats and dogs Il pleut des cordes
68%
Put the cart before the horse Mettre la charrue avant les bœufs
46%
Beat around the bush Tourner autour du pot
35%
Kill twwo bird wit one stone Faire d'une pierre deux coups
33%
My foot Mon œil
29%
Break a leg Merde
26%
Speak of the devil Quand on parle du loup
16%
Once in a blue moon Tous les 36 du mois
7%
A cock and bull story Une histoire a dormir debout
6%
You cannot have your cake and eat it On ne peut pas avoir le beurre et l'argent du beurre
3%
Out of the blue Sortie de nulle part
3%
The early bird catches the worm Le monde appartient à celui qui se lève tôt
2%
Feel under the weather Ne pas se sentir bien
2%
Tit for tat Oeil pour oeil dents pour dents
2%
Spare the rod, spare the child Qui aime bien châtie bien
2%
As easy as duck soup Un jeu d'enfant
2%
Aucun quiz correspondant
Distribution des résultats
% des personnes avec chaque résultat
Percentile par nombre de réponses
Votre historique - résultats
Vous n’avez pas pris ce quiz depuis la dernière actualisation